Outlander /
Saved in:
| Hovedforfatter: | |
|---|---|
| Format: | Bog |
| Sprog: | italiensk |
| Udgivet: |
Tallahassee :
Naiad Press,
1981
|
| Tags: |
Ingen Tags, Vær først til at tagge denne postø!
|
MARC
| LEADER | 00000nam a22000007i 4500 | ||
|---|---|---|---|
| 001 | IT\ICCU\UBO\4165583 | ||
| 003 | ItRI | ||
| 005 | 20260115231828.0 | ||
| 008 | 160112s1981 it |||||| ||||| |||||c | ||
| 020 | |a 0930044177 | ||
| 040 | |b ita |c importazione bologna sebina | ||
| 041 | 7 | |a ita |2 ISO-639-2 | |
| 100 | 1 | |a Rule, Jane |0 IT\ICCU\BVEV\041111 | |
| 245 | 1 | 0 | |a Outlander / |c by Jane Rule. |
| 260 | |a Tallahassee : |b Naiad Press, |c 1981 | ||
| 300 | |a 207 p. : |b ill. ; |c 22 | ||
| 500 | |a Sulla cop.: short stories and essays. | ||
| 942 | |2 ddc |c BK |n 0 | ||
| 952 | |0 0 |1 0 |4 0 |6 L_813_540000000000000_RUL |7 0 |9 13703 |a BO |b BO |d 2026-01-15 |i 17979 |l 0 |o L 813.54 RUL |p BO17979 |r 2026-01-15 23:18:28 |w 2026-01-15 |x [Sebina 5] [1 v.] |y BK |z 1 v. | ||
| 999 | |c 11783 |d 11783 | ||